01497nac a22003251u 4500010001700000020002900017020002600046020002500072020002200097082001500119090001500134100003400149245015800183260006700341300002700408440004500435500016700480504005100647650003000698650002700728700002300755700002200778700002200800710004100822856008300863856009100946942001701037999001501054952010201069 a 2006014485 a9780521871525 (hardback) a0521871522 (hardback) a9780521692083 (pbk.) a0521692083 (pbk.)00a330bB6282 c2315d2315 a20080729 00aAdvances in economics and econometrics :btheory and applications, ninth World Congress /cedited by Richard Blundell, Whitney K. Newey, Torsten Persson. aCambridge ;aNew York :bCambridge University Press,2006c2006 a1v. :bill. ;c24 cm. 0aEconometric Society monographs ;vno. 41 aEdited versions of papers and a commentary presented at invited symposium sessions of the ninth World Congress of the Econometric Society, held in London in 2005. aIncludes bibliographical references and index. 0aEconometricsvCongresses. 0aEconomicsvCongresses.1 aBlundell, Richard.1 aNewey, Whitney K.1 aPersson, Torsten.2 aEconometric Society.bWorld Congress413Table of contents onlyuhttp://www.loc.gov/catdir/toc/ecip0613/2006014485.html413Publisher descriptionuhttp://www.loc.gov/catdir/enhancements/fy0665/2006014485-d.html cBBk330B6282 c2315d2315 00104070aMAINbMAINc1STd2015-02-07ePurchasel1o330 ADVp000001857r2025-07-15 00:00:00yBB